Statistics for Metallica Songs by Lyrics

Click here to take the quiz!

General Stats

  • This quiz has been taken 103 times
  • The average score is 9 of 20

Answer Stats

LyricSong% Correct
Twisting your mind and smashing your dreamsMaster of Puppets
96%
Couldn't be much more from the heart, forever trusting who we areNothing Else Matters
86%
Now that the war is through with me, I'm waking up I can not seeOne
84%
Something's wrong, shut the light, heavy thoughts tonightEnter Sandman
77%
I have lost the will to live, simply nothing more to giveFade to Black
77%
Halls of justice painted green, money talking...And Justice for All
66%
They dedicate their lives to running all of hisThe Unforgiven
62%
No one to play soldier, now, no one to pretendDisposable Heroes
55%
Adrenaline starts to flow, you're thrashing all aroundWhiplash
54%
But what the hell is, this world coming to?Fight Fire With Fire
42%
When a man lies, he murders some part of the worldTo Live is to Die
41%
Living on your knees, conformity, or dying on your feet for honestyDamage, Inc.
34%
He hits the flesh, you hit the groundThe Day That Never Comes
31%
Long live machine, the future supremeSpit Out the Bone
27%
Just like the curse, just like the stray, you feed it once and now it staysUntil It Sleeps
26%
Chase the rabbit, fetch the stick, she rolls me over 'til I'm sickSweet Amber
20%
Ooh, lovely death, just waiting for your breathLast Caress
16%
Oh, watch the puppets dancing, yeah, see the clowns fall downSlither
11%
Seagull, give it all awayBreadfan
9%
Come clean, fix up, tell all, spill gutsBad Seed
5%

Score Distribution

Percentile by Number Answered

Percent of People with Each Score

Your Score History

You have not taken this quiz